| 000 | 00573nam a2200205Ia 4500 | ||
|---|---|---|---|
| 005 | 20260429112046.0 | ||
| 008 | 260429s9999||||xx |||||||||||||| ||und|| | ||
| 020 | _a9781835352403 | ||
| 041 | _aEnglish | ||
| 082 |
_a621.381 _bSIG |
||
| 100 | _aSigman, Neil P. | ||
| 245 | 0 |
_aTextbook of electronic devices and circuits / _cNeil P. Sigman |
|
| 250 | _a1st ed. | ||
| 260 |
_aLondon : _bETP ED- Tech Press, _c2025. |
||
| 300 | _axi, 294 p.; hb | ||
| 650 | _a Electronic circuits | ||
| 650 | _a Engineering electronics | ||
| 650 | _aElectronic devices | ||
| 942 | _cTB | ||
| 999 |
_c52132 _d52132 |
||